000 00779cam a2200181 4500
001 ABS60903
008 000000n1999 000 0 eng u
035 _a(Sirsi) u101430
100 _aGardner, G.
245 _aTowering inferno.
260 _c1999
490 _aBuilding Design
_v(1402) 2 July 1999, 18(1)
520 _a A report by the Loss Prevention Council, Fire spread in multistorey buildings with glazed curtain wall facades recommends that architects specify fire-resistant glazing for such buildings where possible, and ensure that fire-stopping is fitted to a high standard. Sprinklers are identified as the most appropriate protection.
650 _aFIRE PREVENTION
650 _aFIRE HAZARDS
690 _aBUILT ENVIRONMENT-CONSTRUCTION DESIGN
942 _n0
999 _c60572
_d60572